000 00813nmm a2200265 a 4500
001 ocm000604998
003 TR-IsHL
005 20201028135149.0
008 131203s2011 tu tur
007 cr cn
020 _a9786055476311
035 _a604998
_b(N$T)
050 0 4 _aPL248.K66
_bR8 2011
090 0 4 _aPL248.K66
_bR8 2011
100 1 _aKomşu, Mehmet
245 1 0 _aRüzgarın sesi
_h[electronic resource] /
_cMehmet Komşu
260 _aİstanbul :
_bBizim Kitaplar,
_c2011
300 _a191 p.
650 4 _aDil ve Edebiyat
650 4 _aLanguage and Literature
650 0 _aTürk romanı
650 0 _aTurkish fiction
650 7 _aLITERARY COLLECTIONS / Middle Eastern
_2bisacsh
856 4 0 _uhttp://search.ebscohost.com/login.aspx?direct=true&scope=site&db=e011xww&AN=604998
999 _c6593
_d6593